00233nam a2200085Ia 4500008004100000100001800041245003600059260004300095260000900138170620s9999 xx 000 0 und d aSharma- R. A. 0aAdvanced Educational Technology bMeerut- International Publishing House c2003